[Event "GER-ch Net qual1 U18"]
[Site "Playchess.com INT"]
[Date "2009.05.10"]
[Round "5"]
[White "Ibisch, Christoph"]
[Black "Oelschlegel, Tobias"]
[Result "0-1"]
[WhiteElo "1166"]
[BlackElo "1711"]
[PlyCount "44"]
[EventDate "2009.05.10"]
[EventType "swiss (blitz)"]
[EventRounds "7"]
[EventCountry "GER"]
[SourceTitle "CBM 130 Extra"]
[Source "ChessBase"]
[SourceDate "2009.07.02"]
[SourceVersion "2"]
[SourceVersionDate "2009.07.15"]
[SourceQuality "1"]

1. e4 d6 2. d4 e5 3. dxe5 Nd7 4. exd6 Bxd6 5. Nc3 Ngf6 6. Nf3 0-0 7. Bg5 Re8 8. Bd3 h6 9. Bh4 Bb4 10. a3 Bxc3+ 11. bxc3 Nc5 12. e5 Bg4 13. h3 Bxf3 14. Qxf3 Rxe5+ 15. Kd2 Nce4+ 16. Kc1 Nxc3 17. Qxb7 Qe8 18. Qxc7 Rc8 19. Qxa7 Ne2+ 20. Bxe2 Rxe2 21. Bxf6 Rcxc2+ 22. Kb1 Qb5+ 0-1